| 000 | 00792cam a2200301 4500500 | ||
|---|---|---|---|
| 005 | 20260329004517.0 | ||
| 041 | _afre | ||
| 042 | _adc | ||
| 100 | 1 | 0 |
_aRontard, Yseult _eauthor |
| 245 | 0 | 0 | _aRepérages / Spécial Covid-19 |
| 260 | _c2020. | ||
| 500 | _a67 | ||
| 690 | _aAlain Robert | ||
| 690 | _aAnimal | ||
| 690 | _aAnimaux | ||
| 690 | _aBarcelone | ||
| 690 | _aCivd-19 | ||
| 690 | _aEmmanuel Macron | ||
| 690 | _aÉpidémie | ||
| 690 | _aEscalade | ||
| 690 | _arecherche | ||
| 690 | _aScience | ||
| 690 | _aSpiderman | ||
| 690 | _aVirus | ||
| 690 | _aZoonose | ||
| 786 | 0 | _nPhilosophie magazine | 138 | 4-5 | 2020-04-01 | p. 4-4 | 1951-1787 | |
| 856 | 4 | 1 | _uhttps://shs.cairn.info/magazine-philosophie-magazine-2020-4-5-page-4?lang=fr&redirect-ssocas=7080 |
| 999 |
_c1834621 _d1834621 |
||